El pensamiento europeo en el siglo XVIII

I tiakina i:
Ngā taipitopito rārangi puna kōrero
Kaituhi matua: Hazard, Paul (Author)
Hōputu: Pukapuka
Reo:Pāniora
I whakaputaina: Madrid Guadarrama 1958
Ngā marau:
Ngā Tūtohu: Tāpirihia he Tūtohu
Kāore He Tūtohu, Me noho koe te mea tuatahi ki te tūtohu i tēnei pūkete!

MARC

LEADER 00000nam a2200000 a 4500
001 UCP5326
003 CL-VaPUC
008 990903e19580000SP |||||||||||||||||spa|d
082 0 4 |a 190  |b HAZ  |2 21 
100 |a Hazard, Paul  |e author  |9 433660 
245 1 3 |a El pensamiento europeo en el siglo XVIII 
300 |a 582 p 
942 |c BK 
945 |d 19990903 00:00:00  |a lriquelm 
260 |a Madrid  |b Guadarrama  |c 1958 
650 7 |a FILOSOFIA SIGLO 18  |2 CL-VaPUC  |9 325041 
650 7 |a PENSAMIENTO RELIGIOSO SIGLO 18  |2 CL-VaPUC  |9 325042 
650 0 |a Cristianismo  |9 257361 
650 7 |a CIENCIAS DE LA NATURALEZA  |2 CL-VaPUC  |9 433661 
650 7 |a DERECHO  |2 CL-VaPUC  |9 433662 
650 0 |a Moral  |9 265913 
650 0 |a Gobierno   |9 255508 
651 0 |a Europa  |9 255156 
583 |a last modification  |c 19990903 00:00:00  |k Rodrigo Vera 
999 |c 283093  |d 283091 
952 |0 0  |1 0  |4 0  |6 190_000000000000000_HAZ_1958  |7 0  |8 A  |9 325867  |a BIBHIS  |b BIBHIS  |d 2019-11-20  |i 1368648  |o 190 HAZ 1958  |p 1368648  |r 2025-01-20  |w 2019-11-20  |y BK  |k HIS